Koncept teórií a metód v sociálnej práci /

Hlavní autor: Laca, Slavomír, 1980-
Jazyk: Slovenština
Vydáno: Praha : Pražská vysoká škola psychosociálních studií, 2021
Vydání: Prvé vydanie
Témata:
Fyzický popis: 415 stran ; 21 cm
Language note: Slovenské, anglické a německé resumé
Knihy
Uloženo v:
LEADER 01577nam a2200445 i 4500
001 nkc20213375543
003 CZ PrNK
005 20220405084907.0
007 ta
008 211122s2021 xr f 000 0 slo
015 |a cnb003375543 
020 |a 978-80-906237-7-4  |q (vázáno) 
035 |a (OCoLC)1310112625 
040 |a OLA001  |b cze  |e rda 
041 0 |a slo  |b slo  |b eng  |b ger 
072 7 |a 364-1/-7  |x Druhy sociální pomoci a služeb  |2 Konspekt  |9 18 
080 |a 364-78  |2 MRF 
080 |a (048.8)  |2 MRF 
100 1 |a Laca, Slavomír,  |d 1980-  |7 jx20120203015  |4 aut 
245 1 0 |a Koncept teórií a metód v sociálnej práci /  |c Slavomír Laca 
250 |a Prvé vydanie 
264 1 |a Praha :  |b Pražská vysoká škola psychosociálních studií,  |c 2021 
300 |a 415 stran ;  |c 21 cm 
336 |a text  |b txt  |2 rdacontent 
337 |a bez média  |b n  |2 rdamedia 
338 |a svazek  |b nc  |2 rdacarrier 
500 |a 200 výtisků 
500 |a Terminologický slovník 
504 |a Obsahuje bibliografii a bibliografické odkazy 
546 |a Slovenské, anglické a německé resumé 
650 0 7 |a sociální práce  |7 ph125805  |2 czenas 
650 0 9 |a social work  |2 eczenas 
655 7 |a monografie  |7 fd132842  |2 czenas 
655 9 |a monographs  |2 eczenas 
910 2 |a BOA001  |b 2-1480.525 
990 |a BK 
995 |a 01 
991 |b 202203  |c NOV 
996 6 |b 2610893638  |c 2-1480.525  |l MZK  |r Sklad / do 1 hodiny  |n 2  |p p.v.  |w 001877595  |u 000010  |a 1  |e BOA001  |j MZK50  |s P 
996 7 |b 2610898293  |c 2-1480.525  |l Vol.výběr  |r VV 0p  |n 6  |p kup  |h 364 LAC  |w 001877595  |u 000020  |a 0  |e BOA001  |j MZK50  |s A